Miasta w Belgii - Nagła Śmierć - Statystyki

Ogólne statystyki
  • Ten quiz został rozwiązany 178 razy
    18 od ostatniego zresetowania
  • Średni wynik to 16 z 23
Answers on the Grid
Answers color-coded by a green-red scale on the quiz's grid according to % correct below.
Aalborg
Arad
Arlon
Bazylea
Borås
Brema
Brugia
Bruksela
Caracas
Charleroi
Daszoguz
Dinant
Dinard
Gandawa
Genk
Gulu
Haugesund
Ieper
Kermanszah
Kortrijk
Kragujevac
La Louviere
Leeds
Leuven
Liege
Likasi
Lokeren
Luksemburg
Manado
Mechelen
Mons
Monte Carlo
Namur
Noworosyjsk
Ostenda
Ottignies-Louvain-la-Neuve
Peruwelz
Praga
Rotterdam
Salzburg
Shizuoka
St. Paul
Taipei
Tournai
Turnhout
Waregem
Xi'an
Zeebrugge
 
Statystyki odpowiedzi
Odpowiedź % Poprawnych
Bruksela
100%
Brugia
94%
Genk
94%
Liege
94%
Charleroi
88%
Kortrijk
88%
Leuven
88%
La Louviere
81%
Zeebrugge
81%
Gandawa
75%
Lokeren
75%
Mechelen
75%
Ostenda
75%
Ottignies-Louvain-la-Neuve
75%
Waregem
69%
Dinant
63%
Tournai
63%
Mons
56%
Turnhout
50%
Ieper
44%
Namur
44%
Arlon
31%
Peruwelz
25%
Nie znaleziono quizów pasujących do podanych kryteriów
Rozkład punktacji
Procent ludzi z każdym wynikiem
Percentyl według liczby udzielonych odpowiedzi
Twoja historia wyników
Nie rozwiązałeś tego quizu od ostatniego zresetowania